Statistiques concernant Drapeaux en 15 secondes #2

Cliquez ici pour prendre le quiz!

Statistiques générales

  • Ce quiz a été pris 538 fois
  • Le résultat moyen est 5 sur 15

Statistiques - réponses

HintRéponse% Correct
Albanie🇦🇱
41%
Pologne🇵🇱
38%
Suede🇸🇪
37%
Finlande🇫🇮
36%
Autriche🇦🇹
35%
Norvege🇳🇴
35%
Suisse🇨🇭
34%
Bosnie-Herzégovine🇧🇦
31%
Macédoine🇲🇰
30%
Slovénie🇸🇮
29%
République tchèque🇨🇿
29%
Hongrie🇭🇺
24%
Slovaquie🇸🇰
23%
Croatie🇭🇷
21%
Serbie🇷🇸
18%

Distribution des résultats

Percentile par nombre de réponses

% des personnes avec chaque résultat

Votre développement - résultats

Vous n’avez pas pris ce quiz